000 00337nam a2200121Ia 4500
008 220216s9999 xx 000 0 und d
100 _aMann C E T
245 0 _aTapping experiments on budded trees
260 _bJournal of the Rubber Research Institute of Malaya
_c1934
300 _a90-96
650 _aTapping experiments
942 _cJS
999 _c70219
_d70219